[Event "XXXII Puchar Wojewody Dolnoslaskiego"]
[Site "Legnica"]
[Date "1899-12-30"]
[Round "1.1"]
[White "Simacek, Pavel"]
[Black "Czarnota, Pawel"]
[Result "1/2-1/2"]
[WhiteTitle "IM"]
[BlackTitle "GM"]
[WhiteElo "2474"]
[BlackElo "2554"]

1. e4 c5 2. Nf3 d6 3. d4 cxd4 4. Nxd4 Nf6 5. Nc3 Nc6 6. Bg5 e6 7. Qd2 a6 8. O-O-O
Bd7 9. f4 b5 10. Bxf6 gxf6 11. Kb1 b4 12. Nce2 Qb6 13. Nxc6 Bxc6 14. f5 e5 15.
Ng3 h5 16. h4 Qc5 17. Qe2 Ke7 18. Nxh5 Bb5 19. Qg4 Bh6 20. Rd5 Qc7 21. Qd1 Bc6
22. Bc4 Rac8 23. Nxf6 Kxf6 24. Rxd6+ Ke7 25. f6+ Ke8 26. Qg4 Bd7 27. Rxd7 Qxc4
28. Ka1 Qxc2 29. Re7+ Kf8 30. Rxf7+ Kxf7 31. Qd7+ Kxf6 32. Qd6+ Kf7 33. Qd7+ 1/2-1/2

[Event "XXXII Puchar Wojewody Dolnoslaskiego"]
[Site "Legnica"]
[Date "1899-12-30"]
[Round "1.2"]
[White "Kanarek, Marcel"]
[Black "Warakomski, Tomasz"]
[Result "1/2-1/2"]
[WhiteTitle "GM"]
[BlackTitle "IM"]
[WhiteElo "2528"]
[BlackElo "2497"]

1. e4 e6 2. d4 d5 3. Nc3 Nf6 4. Bg5 Bb4 5. e5 h6 6. Be3 Ne4 7. Qg4 g6 8. a3 Bxc3+
9. bxc3 c5 10. Bd3 h5 11. Qd1 Nxc3 12. Qd2 cxd4 13. Bxd4 Ne4 14. Bxe4 dxe4 15.
Ne2 b6 16. Nc3 Nc6 17. Nb5 Kf8 18. Nd6 Nxd4 19. Qxd4 Qc7 20. O-O Bb7 21. a4 Kg7
22. Ra3 Bc6 23. h3 Rhd8 24. Rc3 Qd7 25. a5 bxa5 26. Rc5 Rdb8 27. Qc3 Rb6 28. Rd1
Kg8 29. Rd4 Rd8 30. Kh2 a4 31. Rdc4 Bd5 32. Rc7 Rxd6 33. Rxd7 R6xd7 34. Rxa4 Rb7
35. Qc5 Rdd7 36. c4 Rbc7 37. Qb5 Bc6 38. Qb8+ Kg7 39. Ra3 Rb7 40. Qc8 Rbc7 41.
Qa6 Bb7 42. Qxa7 Rxc4 43. Rb3 Rcc7 44. Rb4 Bd5 45. Qe3 Rb7 46. Ra4 Rb3 47. Qf4
Kg8 48. Ra5 Rc7 49. Ra6 Rd7 50. Rd6 Rbb7 51. Kg3 Rxd6 52. exd6 e5 53. Qxe5 Be6
54. Kf4 Kh7 55. Kg5 Ra7 56. Kf6 Ra2 57. Ke7 Ra7+ 58. Kf6 Ra2 59. Qf4 Ra6 60. Ke7
Ra7+ 61. Kf6 Ra6 62. Qd2 Rb6 63. Ke7 Rb7+ 64. Kf6 Rb6 65. g4 hxg4 66. hxg4 Bxg4
67. Kxf7 Rb7+ 68. Kf6 Bf5 69. Qd5 Rd7 70. Qe5 Kg8 71. Qe8+ Kh7 72. Qf8 Rb7 73.
Ke5 Rg7 74. Kd5 Rg8 75. Qe7+ Rg7 76. Kc6 Kg8 77. Qd8+ Kh7 78. Qh4+ Kg8 79. Kb6
Rf7 80. Qg3 Kg7 81. Qe5+ Kg8 82. Qd4 Kh7 83. Kc6 Kg8 84. Kd5 Kh7 85. Ke5 Kg8 86.
Kf4 Kh7 87. Kg5 Rd7 88. Kf6 Rg7 89. Qb4 Rd7 90. Qb8 Rg7 91. Qf8 Rd7 92. Ke5 Rg7
93. Kd5 Rg8 94. Qe7+ Rg7 95. Qd8 Rf7 96. Kc6 Kg7 97. Qe8 Bg4 98. Qe5+ Kg8 99.
Qe8+ Kg7 100. Qe5+ Kg8 101. Qb2 Bf5 102. Qb8+ Kg7 103. Qb2+ Kg8 104. Kd5 Kh7 105.
Qb6 Kg7 106. Qd8 Rd7 107. Qh4 Rf7 108. Qg3 Kg8 109. Qc3 Kh7 110. Ke5 Kg8 111.
f3 exf3 112. Qxf3 Kg7 113. Qg3 Bd7 114. Kd4 Bf5 115. Qe5+ Kh7 116. Qe8 Kg7 117.
Kd5 Bd7 118. Qe5+ Kh7 119. Qh2+ Kg7 120. Qb2+ 1/2-1/2

[Event "XXXII Puchar Wojewody Dolnoslaskiego"]
[Site "Legnica"]
[Date "1899-12-30"]
[Round "1.3"]
[White "Janik, Igor"]
[Black "Sabuk, Piotr"]
[Result "1-0"]
[WhiteTitle "FM"]
[BlackTitle "IM"]
[WhiteElo "2320"]
[BlackElo "2365"]

1. e4 e5 2. Nf3 Nc6 3. Bb5 a6 4. Ba4 Nf6 5. O-O Be7 6. Re1 b5 7. Bb3 d6 8. c3 O-O
9. h3 Bb7 10. d4 Re8 11. Nbd2 Bf8 12. a3 h6 13. Bc2 Nb8 14. b4 Nbd7 15. Bb2 c5
16. bxc5 exd4 17. cxd4 dxc5 18. d5 c4 19. Nf1 a5 20. Ng3 Ra6 21. Nd4 Rb6 22. Re3
Nc5 23. Qe2 Bd6 24. e5 Nxd5 25. exd6 Nxe3 26. fxe3 Rxd6 27. Rf1 Nd3 28. Bxd3 cxd3
29. Qf2 Bd5 30. Nxb5 Rg6 31. Nc3 Bb3 32. Nge4 Bd5 33. Nxd5 Qxd5 34. Nc3 Qe6 35.
Nd1 Rc8 36. Bc3 Rc5 37. Qf3 Rcg5 38. Rf2 Rg3 39. Qb7 Rxh3 40. Bxa5 Rh5 41. Bc3
Qg4 42. Nb2 d2 43. Bxd2 Qh4 44. Kf1 Qh1+ 45. Ke2 Rh2 46. Nd3 Rhxg2 47. Qxf7+ Kh7
48. Qf3 Rxf2+ 49. Nxf2 Qa1 50. e4 Ra6 51. Qf5+ g6 52. Qd7+ Qg7 53. Qd3 Qb7 54.
Bb4 Re6 55. Qd4 g5 56. Ke3 Kg6 57. e5 Qf7 58. Bd6 h5 59. a4 g4 60. Qf4 Qd7 61.
Ne4 Qxa4 62. Qg5+ Kh7 63. Qf5+ Rg6 64. Qf7+ Kh8 65. Qxg6 Qb3+ 66. Kf4 Qf3+ 67.
Kg5 Qe3+ 68. Kf6 Qf4+ 69. Ke7 1-0

[Event "XXXII Puchar Wojewody Dolnoslaskiego"]
[Site "Legnica"]
[Date "1899-12-30"]
[Round "1.5"]
[White "Nosenko, Alexander"]
[Black "Sieciechowicz, Marcin"]
[Result "0-1"]
[WhiteTitle "GM"]
[BlackTitle "IM"]
[WhiteElo "2524"]
[BlackElo "2408"]

1. d4 Nf6 2. c4 g6 3. Nc3 d5 4. cxd5 Nxd5 5. Bd2 Bg7 6. e4 Nxc3 7. Bxc3 O-O 8.
Qd2 c5 9. d5 Bxc3 10. bxc3 Nd7 11. Rd1 Qc7 12. Nf3 Nf6 13. e5 Ne4 14. Qc2 Ng5
15. Qe2 Nxf3+ 16. gxf3 Bd7 17. h4 e6 18. d6 Qd8 19. Qe3 f6 20. f4 fxe5 21. fxe5
Rf5 22. Bd3 Rh5 23. Qg3 Kh8 24. f4 Qf8 25. Be4 Qh6 26. Bxb7 Rf8 27. Bf3 Rxe5+
28. Be2 Rxf4 29. Rh2 Ref5 30. c4 Qg7 31. Qb3 Qe5 32. Rh3 Kg7 33. Re3 Re4 34. Rxe4
Qxe4 35. h5 Rxh5 36. Qc3+ Re5 37. Qd3 Qh4+ 38. Kd2 Qf4+ 39. Ke1 Qh4+ 40. Kd2 Qf4+
41. Ke1 Re3 42. Qc2 Rg3 43. Bf1 Qe3+ 44. Qe2 Qxe2+ 45. Bxe2 Kf6 46. Rb1 Ke5 47.
Rb7 Kxd6 48. Rxa7 h5 49. a4 h4 50. Kf2 Ra3 51. a5 h3 52. Ra8 e5 53. a6 h2 54.
Rh8 Bh3 0-1

[Event "XXXII Puchar Wojewody Dolnoslaskiego"]
[Site "Legnica"]
[Date "1899-12-30"]
[Round "2.1"]
[White "Czarnota, Pawel"]
[Black "Sieciechowicz, Marcin"]
[Result "1-0"]
[WhiteTitle "GM"]
[BlackTitle "IM"]
[WhiteElo "2554"]
[BlackElo "2408"]

1. e4 c5 2. Nf3 d6 3. d4 cxd4 4. Nxd4 Nf6 5. Nc3 a6 6. Be3 e5 7. Nf3 Be7 8. Bc4
Be6 9. Bxe6 fxe6 10. Ng5 Qd7 11. Qf3 Nc6 12. Qh3 Nd8 13. Bb6 h6 14. O-O-O O-O
15. Bxd8 hxg5 16. Bxe7 Qxe7 17. f3 b5 18. Kb1 Rac8 19. Rd3 Rc6 20. Rc1 Rfc8 21.
Nd1 b4 22. Ne3 a5 23. Qg3 Nd7 24. Rh1 a4 25. h4 gxh4 26. Rxh4 Nc5 27. Rd1 b3 28.
Rdh1 bxc2+ 29. Nxc2 Nd3 30. Qg6 Qxh4 31. Qxe6+ 1-0

[Event "XXXII Puchar Wojewody Dolnoslaskiego"]
[Site "Legnica"]
[Date "1899-12-30"]
[Round "2.3"]
[White "Sabuk, Piotr"]
[Black "Kriebel, Tadeas"]
[Result "0-1"]
[WhiteTitle "IM"]
[BlackTitle "IM"]
[WhiteElo "2365"]
[BlackElo "2464"]

1. d4 Nf6 2. c4 e6 3. g3 d5 4. Nf3 dxc4 5. Bg2 Nc6 6. O-O Rb8 7. e3 b5 8. b3 Be7
9. bxc4 bxc4 10. Qa4 Qd7 11. Qxc4 Rb6 12. Rd1 Ba6 13. Qc3 Be2 14. Rd2 Ne4 15.
Qc2 Nxd2 16. Nbxd2 Nb4 17. Qc3 O-O 18. Ne5 Qa4 19. Qb3 Ra6 20. Bb2 Qxb3 21. axb3
Rxa1+ 22. Bxa1 Rb8 23. f4 f6 24. Nc6 Nxc6 25. Bxc6 Bb4 0-1

[Event "XXXII Puchar Wojewody Dolnoslaskiego"]
[Site "Legnica"]
[Date "1899-12-30"]
[Round "2.4"]
[White "Warakomski, Tomasz"]
[Black "Janik, Igor"]
[Result "1-0"]
[WhiteTitle "IM"]
[BlackTitle "FM"]
[WhiteElo "2497"]
[BlackElo "2320"]

1. e4 c5 2. Nf3 Nc6 3. Bb5 g6 4. Bxc6 dxc6 5. d3 Bg7 6. h3 b6 7. a4 a5 8. Nbd2
Nh6 9. Nc4 Ba6 10. Bd2 Bxc4 11. dxc4 f6 12. Qe2 Nf7 13. h4 h5 14. O-O-O Qc8 15.
Rh3 O-O 16. Ne1 e5 17. Rb3 Rb8 18. f4 exf4 19. Bxf4 Rb7 20. Nd3 Re8 21. Qf3 Kh7
22. Rg1 Nd8 23. g4 hxg4 24. Rxg4 Qe6 25. Bd2 Qxc4 26. h5 gxh5 27. Rh4 Kg8 28.
Qxh5 Kf8 29. e5 Qf7 30. exf6 Bxf6 31. Bh6+ Ke7 32. Re4+ Ne6 33. Qh3 Kd8 34. Ne5
Bxe5 35. Rxe5 Nd4 36. Rxe8+ Qxe8 37. Bg5+ Kc7 38. Bf4+ Kd8 39. Bg5+ Kc7 40. Re3
Qg6 41. Qh2+ Kc8 42. Qh8+ 1-0

[Event "XXXII Puchar Wojewody Dolnoslaskiego"]
[Site "Legnica"]
[Date "1899-12-30"]
[Round "2.5"]
[White "Simacek, Pavel"]
[Black "Kanarek, Marcel"]
[Result "1/2-1/2"]
[WhiteTitle "IM"]
[BlackTitle "GM"]
[WhiteElo "2474"]
[BlackElo "2528"]

1. e4 c5 2. Nf3 d6 3. Bb5+ Nd7 4. c3 Ngf6 5. Qe2 a6 6. Ba4 e5 7. O-O Be7 8. d4
O-O 9. Bg5 b5 10. Bc2 h6 11. Bxf6 Bxf6 12. dxe5 dxe5 13. a4 Rb8 14. axb5 axb5
15. Rd1 Qc7 16. Nbd2 c4 17. Nf1 Nb6 18. Ne3 g6 19. h4 h5 20. g3 Bg7 21. Qd2 Re8
22. Ng5 Bf6 23. b4 Rd8 24. Nd5 Nxd5 25. exd5 Bg4 26. Re1 Bxg5 27. hxg5 Bf3 28.
Be4 Bxe4 29. Rxe4 Rd7 30. Rae1 Re8 31. f4 Qa7+ 32. Kg2 Qa8 33. Rxe5 Red8 34. Rd1
Ra7 35. Qe3 Ra2+ 36. Rd2 Kh7 37. Rxa2 Qxa2+ 38. Qf2 Qb1 39. f5 Rd7 40. f6 Qd3
41. Qf3 Qd2+ 42. Kh3 Ra7 43. Qg2 Qxc3 44. Re7 Qd4 45. d6 c3 46. Rxa7 Qxa7 47.
Qc6 c2 48. Qxc2 Qd7+ 49. Kg2 Qxd6 50. Qc5 Qxc5 51. bxc5 b4 52. c6 1/2-1/2

[Event "XXXII Puchar Wojewody Dolnoslaskiego"]
[Site "Legnica"]
[Date "1899-12-30"]
[Round "3.1"]
[White "Kanarek, Marcel"]
[Black "Czarnota, Pawel"]
[Result "1/2-1/2"]
[WhiteTitle "GM"]
[BlackTitle "GM"]
[WhiteElo "2528"]
[BlackElo "2554"]

1. e4 c5 2. Nf3 d6 3. d4 cxd4 4. Nxd4 Nf6 5. Nc3 Nc6 6. Bg5 e6 7. Qd2 a6 8. O-O-O
Bd7 9. f4 b5 10. Bxf6 gxf6 11. Kb1 b4 12. Nce2 Qb6 13. Nxc6 Bxc6 14. f5 e5 15.
Ng3 h5 16. Bc4 h4 17. Nf1 Qc5 18. Qe2 Bh6 19. Nd2 Ke7 20. Nb3 Qe3 21. Na5 Bd7
22. Qh5 Raf8 23. Nb7 Bf4 24. Qf3 Qxf3 25. gxf3 Bc6 26. Na5 Bd7 27. Nb7 Bc6 28.
Na5 Bd7 29. Nb7 Bc6 30. Na5 Bd7 1/2-1/2

[Event "XXXII Puchar Wojewody Dolnoslaskiego"]
[Site "Legnica"]
[Date "1899-12-30"]
[Round "3.2"]
[White "Janik, Igor"]
[Black "Simacek, Pavel"]
[Result "0-1"]
[WhiteTitle "FM"]
[BlackTitle "IM"]
[WhiteElo "2320"]
[BlackElo "2474"]

1. e4 e6 2. d4 d5 3. Nd2 Nf6 4. e5 Nfd7 5. Bd3 c5 6. c3 Nc6 7. Ne2 cxd4 8. cxd4
f6 9. exf6 Qxf6 10. Nf3 h6 11. O-O Bd6 12. Ng3 O-O 13. Bc2 Rf7 14. Qd3 Nf8 15.
Bd2 Bd7 16. Rae1 a6 17. Re3 Re8 18. Rfe1 Nb4 19. Qb3 Nxc2 20. Qxc2 Ng6 21. Bc3
Ref8 22. Nh5 Qf5 23. Qxf5 exf5 24. Ne5 f4 25. Rd3 Bxe5 26. dxe5 Be6 27. Bd4 Nh4
28. Kh1 Rc7 29. Bc3 Bg4 30. Nxg7 Rxg7 31. e6 Rg6 32. e7 Re8 33. Bb4 Nxg2 34. Re5
Nh4 0-1

[Event "XXXII Puchar Wojewody Dolnoslaskiego"]
[Site "Legnica"]
[Date "1899-12-30"]
[Round "3.3"]
[White "Kriebel, Tadeas"]
[Black "Warakomski, Tomasz"]
[Result "1/2-1/2"]
[WhiteTitle "IM"]
[BlackTitle "IM"]
[WhiteElo "2464"]
[BlackElo "2497"]

1. e4 e5 2. Nf3 Nc6 3. d4 exd4 4. Nxd4 Bb4+ 5. c3 Be7 6. Bc4 Nf6 7. Nxc6 bxc6 8.
e5 Nd5 9. Qg4 g6 10. Bh6 d6 11. Qe2 Be6 12. Nd2 Rg8 13. Nf3 g5 14. Nd4 Qd7 15.
h4 dxe5 16. Nxe6 Qxe6 17. hxg5 Bxg5 18. Rh5 Bf6 19. O-O-O O-O-O 20. Bb3 Kb7 21.
f3 Rd6 22. Bd2 Rg7 23. g4 Qe7 24. Qe4 Nb6 25. Rdh1 Rxd2 26. Kxd2 Bg5+ 27. Kc2
h6 28. Rd1 Rg6 29. Rhh1 Rf6 30. Rhe1 Rf4 31. Qxe5 Qxe5 32. Rxe5 Rxf3 33. Rf5 Rg3
34. Rxf7 Rxg4 35. Rh7 a5 36. a3 a4 37. Ba2 Rh4 38. Bf7 Rh2+ 39. Kb1 Ka6 40. Rg7
Kb7 41. Rg6 Bf4 42. Rf6 Bg5 43. Rf5 Rg2 44. c4 Rg4 45. c5 Nc8 46. Bh5 Rh4 47.
Bf3 Ne7 48. Re5 Rf4 49. Bh1 Rc4 50. Be4 Kc8 51. Bd3 Rf4 52. Re4 Rxe4 53. Bxe4
Be3 54. Rd3 Bxc5 55. Rh3 Kb7 56. Rxh6 Kb6 57. Bc2 Bd6 58. Rh5 Nd5 59. Bxa4 Nf4
60. Rf5 Ne6 61. Bd1 Nd4 62. Rh5 c5 63. Rh4 c6 64. Re4 Bf8 65. Be2 Bg7 66. Bc4
Bf6 67. Rf4 Bg7 68. Rf7 Bh6 69. Rf6 Bg5 70. Rf7 Bh6 71. b3 Bd2 72. Kb2 Be1 73.
Kc1 Bc3 74. Rf1 Kc7 75. Rf8 Kb6 76. Rf7 Be1 77. Rf1 Bc3 78. Rf2 Be1 79. Rf8 Bc3
80. Kd1 Kb7 81. a4 Bb4 82. Rf7+ Kb6 83. Kc1 Bc3 84. Kb1 Be1 85. Kb2 Bd2 86. Bf1
Bb4 87. Rd7 Be1 88. Bh3 Bb4 89. Bg4 Be1 90. Re7 Bb4 91. Rd7 Be1 92. Bh3 Bb4 93.
Rf7 Ba5 94. Bc8 Bd2 95. Rb7+ Ka5 96. Rb8 Bb4 97. Ra8+ Kb6 98. Ba6 Kc7 99. Bc4
Kb7 100. Ra6 Nf3 101. a5 Ne5 102. Rb6+ Kc7 103. Ba6 Bxa5 104. Rb7+ Kd6 105. Rh7
Nf3 106. Kc2 Nd4+ 107. Kd3 Nxb3 108. Bc8 Nd2 109. Rd7+ Ke5 110. Bb7 c4+ 111. Kc2
Nb3 112. Bxc6 Nd4+ 113. Rxd4 Kxd4 1/2-1/2

[Event "XXXII Puchar Wojewody Dolnoslaskiego"]
[Site "Legnica"]
[Date "1899-12-30"]
[Round "3.4"]
[White "Nosenko, Alexander"]
[Black "Sabuk, Piotr"]
[Result "1-0"]
[WhiteTitle "GM"]
[BlackTitle "IM"]
[WhiteElo "2524"]
[BlackElo "2365"]

1. d4 d5 2. c4 e6 3. Nc3 Be7 4. Nf3 Nf6 5. Bg5 h6 6. Bxf6 Bxf6 7. e3 O-O 8. Qd2
c5 9. cxd5 cxd4 10. Nxd4 exd5 11. Bb5 Be6 12. O-O Qb6 13. Rac1 a6 14. Ba4 Rd8
15. Rfd1 Qd6 16. Nxe6 fxe6 17. Ne4 Qe7 18. Nxf6+ Qxf6 19. Rc7 b5 20. Bb3 Qe5 21.
Qa5 Nd7 22. Rc6 Nf6 23. Rxa6 Rab8 24. h3 Ne4 25. Rf1 Rf8 26. Bc2 Qxb2 27. Bxe4
dxe4 28. Rxe6 Ra8 29. Ra6 Rac8 30. Qa3 Rc2 31. Ra8 Qxa3 32. Rxa3 Rb2 33. Rb3 Rxb3
34. axb3 Rd8 35. Rb1 Rd2 36. Kf1 Kf7 37. Ke1 Ra2 38. Rd1 Ke6 39. Rd4 Ke5 40. f4+
exf3 41. gxf3 g5 42. h4 gxh4 43. Rxh4 Rb2 44. Rh5+ Kf6 45. Rxh6+ Kg5 46. Rd6 b4
47. Rb6 Rxb3 48. Ke2 Kf5 49. Rb5+ Ke6 50. f4 Kd6 51. f5 Kc6 52. Rb8 Kc7 53. f6
Rb2+ 54. Kf1 1-0

[Event "XXXII Puchar Wojewody Dolnoslaskiego"]
[Site "Legnica"]
[Date "1899-12-30"]
[Round "4.2"]
[White "Sabuk, Piotr"]
[Black "Sieciechowicz, Marcin"]
[Result "1-0"]
[WhiteTitle "IM"]
[BlackTitle "IM"]
[WhiteElo "2365"]
[BlackElo "2408"]

1. d4 Nf6 2. c4 g6 3. Nc3 d5 4. Bg5 Ne4 5. Bh4 Nxc3 6. bxc3 dxc4 7. e3 Be6 8. Be2
Bg7 9. Nh3 f6 10. O-O Nd7 11. e4 Bf7 12. Qa4 Kf8 13. f4 Nb6 14. Qa5 Qd7 15. a4
h6 16. f5 g5 17. Bf2 Kg8 18. d5 Kh7 19. Qb4 c6 20. a5 Nc8 21. Bxc4 cxd5 22. Bxd5
Bxd5 23. Rfd1 Nd6 24. Rxd5 Qc6 25. Bc5 Rhd8 26. Rad1 Rac8 27. Nf2 Rd7 28. Ng4
Rcd8 29. Ne3 Bf8 30. Bxa7 Nb5 31. Bb6 Nc7 32. Bxc7 Qxc7 33. Qb6 Qxb6 34. axb6
Rd6 35. Rxd6 exd6 36. Nd5 Ra8 37. g4 Kg7 38. Rd4 1-0

[Event "XXXII Puchar Wojewody Dolnoslaskiego"]
[Site "Legnica"]
[Date "1899-12-30"]
[Round "4.3"]
[White "Warakomski, Tomasz"]
[Black "Nosenko, Alexander"]
[Result "1-0"]
[WhiteTitle "IM"]
[BlackTitle "GM"]
[WhiteElo "2497"]
[BlackElo "2524"]

1. e4 e6 2. d4 d5 3. Nd2 Nc6 4. Ngf3 Nf6 5. e5 Nd7 6. Be2 Be7 7. Nf1 f6 8. exf6
Bxf6 9. Ne3 O-O 10. O-O Nb6 11. Ng4 Bd7 12. Re1 Be8 13. Nxf6+ Qxf6 14. Bg5 Qf7
15. Bh4 h6 16. c3 Nc8 17. b4 g5 18. Bg3 Nd6 19. Bd3 Nf5 20. Ne5 Nxe5 21. Bxe5
Qe7 22. Qc2 Bh5 23. f3 Nh4 24. Bg3 Rf6 25. Bxh4 gxh4 26. Re5 Qf7 27. Qf2 Bg6 28.
Bxg6 Qxg6 29. Kh1 h3 30. gxh3 Kf7 31. Rg1 Qh7 32. Qg3 Rc8 33. h4 Ke7 34. c4 dxc4
35. d5 Rd8 36. Rxe6+ Rxe6 37. dxe6 Rd6 38. Qe5 Ke8 39. Qb5+ c6 40. Qe5 Rd5 41.
Qb8+ Rd8 42. Qf4 c3 43. Re1 Qe7 44. Qxh6 Rd2 45. Qh5+ Kd8 46. Qh8+ Kc7 47. Qxc3
Rd5 48. Qc4 1-0

[Event "XXXII Puchar Wojewody Dolnoslaskiego"]
[Site "Legnica"]
[Date "1899-12-30"]
[Round "4.4"]
[White "Simacek, Pavel"]
[Black "Kriebel, Tadeas"]
[Result "1/2-1/2"]
[WhiteTitle "IM"]
[BlackTitle "IM"]
[WhiteElo "2474"]
[BlackElo "2464"]

1. d4 d5 2. c4 e6 3. Nf3 Nf6 4. g3 dxc4 5. Bg2 Nc6 6. Qa4 Bb4+ 7. Bd2 Nd5 8. Bxb4
Ndxb4 9. Nc3 Bd7 10. O-O a5 11. Qd1 O-O 12. e3 a4 13. Nxa4 Nxd4 14. Qxd4 Bxa4
15. Qxc4 Qe7 16. Rac1 Rfc8 17. Nd4 c5 18. a3 Nd5 19. Nf5 Qd7 20. Bxd5 exf5 21.
Rfe1 b5 22. Qd3 c4 23. Qd4 Ra6 24. e4 Rd6 25. f3 h6 26. Re2 Kh8 27. Rce1 f6 28.
Qc3 Qa7+ 29. Kg2 Qc5 30. Re3 Rcd8 1/2-1/2

[Event "XXXII Puchar Wojewody Dolnoslaskiego"]
[Site "Legnica"]
[Date "1899-12-30"]
[Round "4.5"]
[White "Kanarek, Marcel"]
[Black "Janik, Igor"]
[Result "1-0"]
[WhiteTitle "GM"]
[BlackTitle "FM"]
[WhiteElo "2528"]
[BlackElo "2320"]

1. d4 d6 2. e4 Nf6 3. Nc3 g6 4. f4 Bg7 5. Nf3 O-O 6. e5 dxe5 7. fxe5 Nd5 8. Bc4
Be6 9. Bxd5 Bxd5 10. Nxd5 Qxd5 11. Qe2 b5 12. O-O Nc6 13. c3 f6 14. a4 b4 15.
exf6 Bxf6 16. Qb5 Rfd8 17. Bf4 Rac8 18. Rfe1 bxc3 19. bxc3 Na5 20. Ne5 c6 21.
Qa6 Nb3 22. Rad1 c5 23. Ng4 cxd4 24. Nxf6+ exf6 25. Re7 Rf8 26. Bh6 Rfe8 27. Rg7+
Kh8 28. Qxa7 1-0

[Event "XXXII Puchar Wojewody Dolnoslaskiego"]
[Site "Legnica"]
[Date "1899-12-30"]
[Round "5.1"]
[White "Janik, Igor"]
[Black "Czarnota, Pawel"]
[Result "0-1"]
[WhiteTitle "FM"]
[BlackTitle "GM"]
[WhiteElo "2320"]
[BlackElo "2554"]

1. e4 c5 2. Nf3 d6 3. d4 cxd4 4. Nxd4 Nf6 5. Nc3 Nc6 6. Bg5 e6 7. Qd2 a6 8. O-O-O
Bd7 9. f4 b5 10. Bxf6 gxf6 11. Kb1 Qb6 12. Nxc6 Bxc6 13. Qe1 O-O-O 14. f5 b4 15.
Ne2 e5 16. Qh4 Be7 17. Ng3 d5 18. Bd3 h5 19. Rhe1 Kb8 20. exd5 Rxd5 21. Ne4 Rd4
22. Qf2 Rhd8 23. Nd2 Ka7 24. g3 e4 25. Rc1 Bc5 26. Nb3 Rxd3 27. Nxc5 Rf3 28. Qg1
Rxf5 29. Nb3 Qxg1 30. Rxg1 e3 31. Rce1 Rf3 32. c3 Be4+ 33. Ka1 bxc3 34. bxc3 Bd5
35. Nd4 Rf2 36. Re2 Bc4 37. Rb2 Rd6 38. Re1 Bd3 39. Rd1 Rxd4 40. cxd4 e2 41. Rdb1
Bxb1 0-1

[Event "XXXII Puchar Wojewody Dolnoslaskiego"]
[Site "Legnica"]
[Date "1899-12-30"]
[Round "5.2"]
[White "Kriebel, Tadeas"]
[Black "Kanarek, Marcel"]
[Result "1/2-1/2"]
[WhiteTitle "IM"]
[BlackTitle "GM"]
[WhiteElo "2464"]
[BlackElo "2528"]

1. e4 c5 2. Nf3 Nc6 3. d4 cxd4 4. Nxd4 g6 5. c4 Nf6 6. Nc3 Nxd4 7. Qxd4 d6 8. Be2
Bg7 9. O-O O-O 10. h3 Be6 11. Qe3 Qb6 12. Rb1 Rfc8 13. b3 Nd7 14. Nd5 Bxd5 15.
exd5 Qxe3 16. Bxe3 a5 17. Rfc1 Nc5 18. f3 Be5 19. g4 Na6 20. a3 Nc5 21. Kf2 f5
22. b4 axb4 23. axb4 f4 24. bxc5 fxe3+ 25. Kxe3 dxc5 26. Ke4 Bd6 27. Ra1 Rxa1
28. Rxa1 Rf8 29. Rb1 h5 30. Rxb7 Kg7 31. Rb1 hxg4 32. hxg4 Kh6 33. Rh1+ Kg7 34.
Bd3 Bf4 35. Ra1 Bg5 36. Ra6 Bf4 37. Re6 Bd6 38. Ke3 Rf6 39. Re4 g5 40. Kf2 Rh6
41. Re1 Rh2+ 42. Ke3 Bf4+ 43. Ke4 Kf6 44. Ra1 Rh8 45. Ra6+ Bd6 46. Ra5 Rh1 47.
Ra2 Re1+ 48. Be2 Rb1 49. Ra8 Rb8 50. Ra1 Rh8 51. Bd3 Bf4 52. Re1 Bg3 53. Rb1 Bd6
54. Be2 Rh2 55. Rb2 Be5 56. Ra2 Bd6 57. Ke3 Bf4+ 58. Kd3 Rh8 59. Bd1 Bd6 60. Re2
Kg7 61. Ba4 Ra8 62. Bd7 Ra3+ 63. Ke4 Kf6 64. Re3 Rxe3+ 65. Kxe3 Ke5 1/2-1/2

[Event "XXXII Puchar Wojewody Dolnoslaskiego"]
[Site "Legnica"]
[Date "1899-12-30"]
[Round "5.3"]
[White "Nosenko, Alexander"]
[Black "Simacek, Pavel"]
[Result "0-1"]
[WhiteTitle "GM"]
[BlackTitle "IM"]
[WhiteElo "2524"]
[BlackElo "2474"]

1. d4 d5 2. c4 c6 3. Nc3 e5 4. e3 exd4 5. exd4 Nf6 6. Nf3 Be7 7. Qb3 O-O 8. Be3
dxc4 9. Bxc4 b5 10. Bd3 Na6 11. a3 b4 12. Bxa6 bxc3 13. Bxc8 cxb2 14. Qxb2 Rxc8
15. O-O Nd5 16. Qb7 Qa5 17. Ne5 Qa4 18. Rfc1 Rc7 19. Qb2 c5 20. Qc2 Qa6 21. Qd3
Qe6 22. Rc2 Bf6 23. Nf3 c4 24. Qe2 Re8 25. Re1 Qa6 26. Nd2 Bxd4 27. Nxc4 h6 28.
Qd3 Bc3 29. Rd1 Qxc4 30. Qxc4 Rxc4 31. Rxd5 Rd4 32. Rxd4 Bxd4 33. Kf1 Bxe3 34.
Re2 f5 35. fxe3 Re4 36. Rf2 g6 37. Rf4 Rxf4+ 38. exf4 Kf7 39. Ke2 Ke6 40. h4 Kd5
41. Kd3 h5 42. g3 a6 0-1

[Event "XXXII Puchar Wojewody Dolnoslaskiego"]
[Site "Legnica"]
[Date "1899-12-30"]
[Round "5.4"]
[White "Sieciechowicz, Marcin"]
[Black "Warakomski, Tomasz"]
[Result "0-1"]
[WhiteTitle "IM"]
[BlackTitle "IM"]
[WhiteElo "2408"]
[BlackElo "2497"]

1. d4 Nf6 2. c4 e6 3. Nf3 b6 4. a3 Ba6 5. e3 d5 6. Nbd2 Be7 7. b4 c5 8. dxc5 dxc4
9. Bxc4 Bxc4 10. Nxc4 Qxd1+ 11. Kxd1 bxc5 12. b5 Ne4 13. Ke1 Bf6 14. Rb1 Nd7 15.
Nfd2 Nc3 16. Rb3 Na4 17. Ne4 Nab6 18. Nxb6 axb6 19. Ke2 Ra4 20. f3 Ke7 21. Rd1
Ne5 22. Nxf6 gxf6 23. f4 c4 24. Rd4 cxb3 25. Rxa4 Rc8 26. Bd2 Rc4 27. Rb4 Rxb4
28. Bxb4+ Kd7 29. Kd1 Ng4 30. e4 Nf2+ 31. Kc1 Nd3+ 32. Kd2 Nxb4 33. axb4 Kd6 34.
Kc3 f5 35. exf5 e5 36. Kxb3 exf4 37. Kc4 Ke5 38. f6 Ke4 39. h3 h6 40. h4 h5 41.
Kc3 Ke3 42. Kc4 Kf2 0-1

[Event "XXXII Puchar Wojewody Dolnoslaskiego"]
[Site "Legnica"]
[Date "1899-12-30"]
[Round "6.1"]
[White "Czarnota, Pawel"]
[Black "Sabuk, Piotr"]
[Result "1-0"]
[WhiteTitle "GM"]
[BlackTitle "IM"]
[WhiteElo "2554"]
[BlackElo "2365"]

1. e4 e5 2. Nf3 Nc6 3. Bc4 Bc5 4. O-O Nf6 5. d3 O-O 6. h3 h6 7. c3 Bb6 8. Re1 d6
9. Nbd2 Ne7 10. Bb3 c6 11. d4 Ng6 12. Nf1 d5 13. exd5 exd4 14. dxc6 dxc3 15. Qc2
Ne7 16. Bf4 Bf5 17. Qxc3 Ne4 18. Qe5 Bxf2+ 19. Kh2 Bxe1 20. cxb7 Bb4 21. Rd1 Qb8
22. bxa8=R Qxa8 23. a3 Bc5 24. Bd5 Bd6 25. Qxd6 Nxd6 26. Bxa8 Nc4 27. Bb7 Nxb2
28. Rd4 1-0

[Event "XXXII Puchar Wojewody Dolnoslaskiego"]
[Site "Legnica"]
[Date "1899-12-30"]
[Round "6.3"]
[White "Simacek, Pavel"]
[Black "Sieciechowicz, Marcin"]
[Result "1-0"]
[WhiteTitle "IM"]
[BlackTitle "IM"]
[WhiteElo "2474"]
[BlackElo "2408"]

1. e4 e6 2. d4 d5 3. Nc3 Nf6 4. Bg5 Bb4 5. e5 h6 6. Bd2 Bxc3 7. bxc3 Ne4 8. Bd3
Nxd2 9. Qxd2 c5 10. dxc5 Qc7 11. Nf3 Nd7 12. O-O Nxc5 13. Rae1 Bd7 14. Nd4 O-O-O
15. f4 g6 16. Rb1 Kb8 17. Qe3 Nxd3 18. cxd3 Rc8 19. Rb3 Qc5 20. Qf2 Rc7 21. Ne2
Rhc8 22. Qxc5 Rxc5 23. Kf2 Ra5 24. Rfb1 b6 25. R1b2 Ra4 26. Rb4 Ra3 27. R4b3 Ra4
28. Rb4 Ra3 29. Ke3 Rc5 30. Kd2 Kc7 31. R4b3 Ra4 32. Rb4 Ra3 33. g3 Kd8 34. R4b3
Ra4 35. Rb4 Ke7 36. Rxa4 Bxa4 37. Rb4 Bd7 38. Kc2 f6 39. exf6+ Kxf6 40. Nd4 Ra5
41. Kb3 e5 42. Nf3 exf4 43. Rxf4+ Kg7 44. Ne5 Be8 45. d4 Rb5+ 46. Kc2 Ra5 47.
Kb2 b5 48. Rf2 Ra6 49. Kb3 Re6 50. Kb4 Re7 51. Kc5 Rc7+ 52. Kxd5 Rxc3 53. Ke6
b4 54. Ke7 Rc8 55. d5 Bb5 56. Rf7+ Kg8 57. Kf6 Rf8 58. Rxf8+ Kxf8 59. d6 Ke8 60.
Ke6 Kd8 61. d7 Kc7 62. Ke7 Bxd7 63. Nxd7 a5 64. Ne5 a4 65. Nd3 b3 66. a3 Kc6 67.
Ke6 1-0

[Event "XXXII Puchar Wojewody Dolnoslaskiego"]
[Site "Legnica"]
[Date "1899-12-30"]
[Round "6.4"]
[White "Kanarek, Marcel"]
[Black "Nosenko, Alexander"]
[Result "1/2-1/2"]
[WhiteTitle "GM"]
[BlackTitle "GM"]
[WhiteElo "2528"]
[BlackElo "2524"]

1. d4 Nf6 2. c4 e6 3. Nc3 c5 4. d5 exd5 5. cxd5 Bd6 6. Nf3 O-O 7. a4 a6 8. Nd2
Bc7 9. e4 Re8 10. Be2 d6 11. O-O Nbd7 12. f3 Rb8 13. b3 Nf8 14. Bb2 Bd7 15. f4
b5 16. Bf3 Ng6 17. g3 Qc8 18. Qc2 Bh3 19. Bg2 Bxg2 20. Kxg2 Bd8 21. axb5 axb5
22. Nd1 Nd7 23. Ne3 Bf6 24. Nf5 Rb6 25. Ra7 Ne7 26. Nxe7+ Bxe7 27. e5 Ra6 28.
Rxa6 Qxa6 29. e6 fxe6 30. dxe6 Nf6 31. Re1 Qc6+ 32. Nf3 Ra8 33. h3 c4 34. bxc4
bxc4 35. Bd4 Ra3 36. Re3 Ra8 37. Kf2 Nd5 1/2-1/2